International marketing research

Bibliographic Details
Main Author: Craig, C Samuel
Format: Book
Published: John Wiley and Sons , 2000
Subjects:

MARC

LEADER 00000cam a2200000 7i4500
001 0000010082
005 20240918.0
020 |a 0471983225 
040 |a INS 
090 0 0 |a HF1416   |b C73 2000 
100 1 |a Craig, C Samuel 
245 1 0 |a International marketing research   |c Samuel C. Craig 
260 |a John Wiley and Sons ,   |c 2000 
300 |a 448p ;   |c 229x152mm. 
650 0 0 |a Marketing research 
999 |a 0000009623   |b BOOK   |c Open Shelf   |e Default branch